[Event "Villa Martelli"]
[Site "Villa Martelli"]
[Date "1998.05.24"]
[Round "6"]
[White "Milos, Gilberto"]
[Black "Zarnicki, Pablo Adrian"]
[Result "1/2-1/2"]
[WhiteElo "2555"]
[BlackElo "2515"]
[Annotator "Lukacs,P"]
[PlyCount "98"]
[EventDate "1998.05.??"]
[EventType "tourn"]
[EventRounds "9"]
[EventCountry "ARG"]
[EventCategory "9"]
[SourceTitle "CBM 065"]
[Source "ChessBase"]
[SourceDate "1998.08.06"]
[SourceVersion "1"]
[SourceVersionDate "1998.08.06"]
[SourceQuality "1"]

1. e4 e5 2. Nf3 Nf6 3. Nxe5 d6 4. Nf3 Nxe4 5. d4 d5 6. Bd3 Nc6 7. O-O Be7 8. c4
Nb4 9. cxd5 Nxd3 10. Qxd3 Qxd5 11. Re1 Bf5 12. Nc3 (12. Ne5 {is the agressive
alternative leading to sharp play, where some theoretical knowledge is of
highly important.} g6 13. Qf3 (13. g4 $2 {is parried by the typical} Bh4 $1 14.
Re2 Bxf2+ $1 15. Rxf2 Nxf2 16. Qe3 Bxb1 17. Nxg6+ Be4 18. Nxh8 Nxg4 19. Qc3 Qd6
$19 {Rogulj-Forintos, AUT-chT 1997}) 13... Qxd4 14. Nc3 Qxe5 15. Bf4 Qa5 16.
Rxe4 (16. b4 $5 Qa3 $1 17. Nd5 Qxf3 18. gxf3 Bd8 19. fxe4 Be6 20. Nxc7+ Bxc7
21. Bxc7 $11 {Beliavsky-Smyslov, Reggio Emilia 1986/1987}) 16... Bxe4 17. Qxe4
{(Moreno-R.Espinoza, La Habana 1994)} Qf5 $1 18. Qd4 O-O 19. Nd5 Rfe8 20. Bh6
f6 21. g4 $1 Bc5 $1 22. gxf5 Bxd4 23. Nxc7 Rac8 24. Nxe8 Rxe8 25. Rd1 Bxb2 26.
Rd7 Rb8 27. Bf4 Be5 28. Bxe5 fxe5 $11 {Moreno Ramon}) 12... Nxc3 13. Qxc3 Be6 {
This P sacrifice was Smyslov's idea to keep the ^^ in an open position, and
the o^ d4 is well-blockaded.} (13... Qd6 $6 {Defending the c7 P leads to heavy
consequences.} 14. d5 $1 O-O 15. Bf4 $1 Qxf4 16. Rxe7 Rac8 17. Nd4 Rfe8 18. g3
Qg5 19. Rxe8+ Rxe8 20. Qxc7 $18 {Todorovic-D.Lalic, Jug.-St Kladovo 1990, and
the c7P has fallen anyway.}) 14. Re5 (14. Qxc7 Bd6 15. Qc2 O-O 16. Bd2 Bf5 17.
Qb3 Qxb3 18. axb3 f6 $44 {Hubner-Smyslov, Velden (m/3)}) (14. Bf4 Bd6 15. Bxd6
cxd6 $11 {and Black can successfully finish the development.}) (14. Bg5 {
- Zapata-A.Rodriguez, Cali zt. CBM 19}) (14. Ng5 $5 {is another try with some
small advantage:} Bxg5 15. Re5 Qd7 (15... Qc6 16. Rc5) 16. Bxg5 O-O 17. Rae1
Rfe8 18. Qg3 Bf5 19. h3 c6 20. Re7 $16 {Armanda-Rade, Budapest FS 03 1993})
14... Qc6 (14... Qd7 $143 15. d5 $5 (15. Bg5 f6 16. Re2 fxg5 17. Rae1 O-O-O 18.
Rxe6 Bf6 19. R6e4 $11 {Schulte Bartoldt-Schwartzman, Dortmund 1989}) 15... Bxd5
16. Bh6 (16. Rxe7+ Qxe7 17. Bg5 f6 18. Re1 Be6 19. Nd4 O-O-O 20. Nxe6 fxg5 21.
Nxd8 Qxd8 22. Qxg7 $14 {J.Koch-J.Horvath, Paris op. 1995}) 16... O-O-O 17. Bxg7
Rhg8 18. Rd1 Rxg7 19. Rexd5 Qxd5 20. Rxd5 Rxd5 21. g3 $14 {J.Olivier-Boudanne,
Cannes 1995}) 15. Qe1 O-O-O 16. Bg5 Bxg5 17. Nxg5 {Black has to defend himself
carefully here.} (17. Rxg5 Bd5 18. Ne5 Qb6 19. Rxg7 Rhg8 20. Rg3 $13 {Van der
Wiel-Short, Biel 1985}) 17... Rhe8 (17... Rxd4 18. Nxe6 fxe6 19. Rxe6 Qd5 20.
Re7 $14 {Grosar-Fiore, Formia op.1995}) (17... Bd5 18. Rc1 Qb6 19. Re7 Kb8 20.
Qc3 Rc8 21. b3 Rhe8 22. Rd7 Red8 23. Rxd8 Rxd8 24. Nxh7 Qd6 25. Ng5 f6 26. Nh3
$14 {Garcia Gildardo-A.Rodriguez, Latin Cup Bogota 1991}) 18. Rc1 Qd7 19. Qa5 (
19. Nxe6 Rxe6 20. Rxe6 fxe6 21. Qe5 c6 22. g3 Qxd4 23. Qxe6+ Kc7 $11 {led
nowhere in Grosar-Pavasovic, Maribor 1996.}) 19... Kb8 20. Nxe6 Rxe6 21. Rxe6
fxe6 22. Qe5 g6 23. g3 Qd6 24. Rc2 (24. Qg7 Qd7 $11) 24... Qxe5 25. dxe5 Rd5
26. f4 c5 27. Kf2 $14 {White has practical chances in the R _|_, because his K
can penetrate on the >>.} b5 28. a4 a6 (28... bxa4 29. Ke3 {/\ Rc4 +/=}) 29.
axb5 axb5 30. Kf3 Kc7 31. Kg4 $1 {/\ Kg5} h6 32. h4 c4 33. h5 (33. b3 $5 Rc5 (
33... Rd4 34. h5) (33... h5+ 34. Kg5 Rd3 35. bxc4 Rxg3+ 36. Kf6) 34. h5 gxh5+
35. Kxh5 Kc6 36. b4 Rd5 37. Kxh6 Rd3 38. g4) 33... gxh5+ 34. Kxh5 Rd3 35. Rg2 (
35. g4 $5 Rf3 (35... Rh3+ 36. Kg6 Kc6 37. Kf6) 36. Kxh6 Rxf4 37. g5) 35... Kc6
36. Kxh6 Kd5 37. Kg6 b4 38. Kf7 Rf3 39. Ke7 Rb3 $1 (39... c3 40. bxc3 bxc3 41.
g4 Rxf4 42. g5) 40. g4 Rxb2 $3 $11 {clearing the way for the passed pawns.} 41.
Rxb2 c3 42. Rc2 Kc4 43. f5 exf5 44. g5 b3 45. Rxc3+ Kxc3 46. g6 b2 47. g7 b1=Q
48. g8=Q f4 49. Qd5 Qb4+ 1/2-1/2

[Event "Dresden zt 1.2"]
[Site "Dresden"]
[Date "1998.04.30"]
[Round "3"]
[White "Wahls, Matthias"]
[Black "Pavasovic, Dusko"]
[Result "1-0"]
[WhiteElo "2605"]
[BlackElo "2505"]
[Annotator "Lukacs,P"]
[PlyCount "79"]
[EventDate "1998.04.28"]
[EventType "swiss"]
[EventRounds "11"]
[EventCountry "GER"]
[SourceTitle "CBM 065"]
[Source "ChessBase"]
[SourceDate "1998.08.06"]
[SourceVersion "1"]
[SourceVersionDate "1998.08.06"]
[SourceQuality "1"]

{[%mdl 8]} 1. e4 e5 2. Nf3 Nf6 3. Nxe5 d6 4. Nf3 Nxe4 5. d4 d5 6. Bd3 Nc6 7.
O-O Be7 8. c4 Nb4 9. Be2 O-O 10. Nc3 Be6 11. Ne5 c5 $6 {Blows up the [+], but
it seems to be early because of this game.} (11... f6 $142 {It is better to
drive away from the [+] the N before we begin central operations.} 12. Bg4 Bxg4
(12... Bc8 {This is a surprising move, but GM J.Horvath uses it with success.}
13. Bxc8 Rxc8 14. Nf3 (14. Nd3 $6 Nxc3 15. bxc3 Nxd3 16. Qxd3 c5 $1 {This
central blow comes in time.} 17. dxc5 Rxc5 18. Be3 Rxc4 $11 {Sokolov,A-Horvath,
J/ YUG-chT Igolo 1994}) 14... c5 $1 (14... Nxc3 $6 15. bxc3 Nc6 16. Qa4 {
gives the |^ into White's hands. The retreat with the b4N is already some
concession.} dxc4 17. Rb1 Rb8 18. Qxc4+ Kh8 19. Re1 $14 {Sokolov,
An-Mikhalchishin,A/ Bern op 1994}) 15. Be3 cxd4 16. Nxd4 Qd7 17. Nxd5 Nxd5 18.
cxd5 Qxd5 19. Nb3 (19. Qf3 f5) 19... Qxd1 20. Rfxd1 Nc5 21. Kf1 f5 22. Bxc5
Bxc5 23. Nxc5 Rxc5 24. Rac1 {(Sokolov,An-J.Horvath,J/ Mulhouse 1997)} Rxc1 25.
Rxc1 Rf7 26. Rc8+ Rf8 27. Rc4 Rf7 $11 {A.Sokolov}) (12... f5 {leads to little
investigated play.} 13. Bf3 Bf6 14. a3 Nc6 15. cxd5 Nxc3 16. bxc3 Bxd5 17. Nd3
Na5 $13 {Timoshenko,G-Oral,T/ Berliner Sommer 1995}) 13. Nxg4 dxc4 $1 {Here
the tactical battle is not bad for Black.} 14. Nxe4 f5 15. Nh6+ gxh6 16. Bxh6
Rf7 {Black's >> can easily be defended.} 17. Ng3 Qd6 18. Qh5 Qg6 $13 {Al
Modiahki,M-Barua,D/ Calcutta op 1996}) 12. Nxe4 $142 (12. Be3 cxd4 13. Bxd4
Nxc3 14. bxc3 Nc6 15. Nxc6 bxc6 16. Qa4 $14 {leads only to a small advantage
for White.}) 12... dxe4 13. d5 Bd6 (13... Bf5 {Wahls} 14. a3 Na6 15. f3 $14)
14. a3 $1 (14. f4 exf3 (14... Bc8 $143 15. a3 Na6 16. Bd2 f6 17. Ng4 Bxg4 18.
Bxg4 f5 19. Be2 Nc7 20. Bc3 $14) 15. Nxf3 Bf5 $1 {Black centralizes his B on
e4 instead of the passive retreat!} (15... Bg4 16. a3 Bxf3 (16... Na6 17. Ng5
$1) 17. Rxf3 Na6 18. Bd3 g6 19. Bh6 Qh4 $1 (19... Re8 $2 20. Qd2 Rc8 21. Raf1
$16 {Milos-Zarnicki/ Panamerican-chT 1996}) 20. Rh3 Qd4+ $14 {Milos}) 16. Ne1
Be4 17. g3 f5 $13) 14... Bxe5 (14... Na6 15. f4 $14) 15. axb4 Bd7 16. bxc5 Qc7
{[#]} (16... f5 17. f4 exf3 18. Rxf3 Qc7 19. d6 $1 $16 {Nadyrkhanov-Majorovas/
Krasnodar 1994}) 17. Be3 $1 $146 {White sacrifices his h P, but his phalanx in
the centre is decisive. Black cannot create anything against the White K. It
looks to me as a good home preparation, after which the 11...c5 looks line
dubious.} (17. g3 $6 {throws away White's main tryumph, the P phalanx.} Qxc5
18. Be3 Qc7 19. c5 Bh3 $1 20. Re1 Bxb2 21. d6 Qc8 $1 $15) (17. d6 Qxc5 18. Be3
Qb4 $5 $11 (18... Qc6 19. c5) 19. Rxa7 Rxa7 20. Bxa7 Ba4 21. b3 Bxb3 22. Qb1
Bxd6 23. Be3 Rc8 24. Rc1 Qa4 $13 {Farlan-Pavasovic/ Ljubljana op 1996}) 17...
Bxh2+ (17... Bxb2 18. Rb1 $16) 18. Kh1 Be5 (18... Bf4 $4 19. d6 $18) (18... f5
$5 {Black has to create counterchances at any rate.} 19. d6 Qd8 20. Kxh2 f4 21.
Qd5+ $1 (21. Bd4 Qh4+ 22. Kg1 f3 $44) 21... Kh8 22. Qxe4 $1 (22. Bd4 Qh4+ 23.
Kg1 f3) 22... Qh4+ 23. Kg1 Bc6 (23... Rae8 24. Qxb7 fxe3 25. fxe3 $18) 24. Qe7
$1 Rf6 (24... Qh6 25. Bd4 $1 Rae8 26. Qxg7+ Qxg7 27. Bxg7+ Kxg7 28. Bf3) 25. d7
(25. Bxf4 $5 Qxf4 (25... Bxg2 26. Kxg2 Qxf4 27. Ra3 $1) 26. d7 Rff8 27. Ra3 $1)
(25. Bd4 $2 Bxg2 $1 26. Kxg2 f3+ $19) 25... Bxd7 $1 26. Qxd7 $2 Rh6 27. Qh3 $1
$18) 19. Bd4 Rfe8 (19... Bxd4 {Wahls} 20. Qxd4 a5 21. Ra3 $16 {/\ R fa1}) 20.
b4 $18 {White's P chain is really impressive!} Qd8 (20... Bxd4 21. Qxd4 Qf4 22.
Ra3 $18) 21. Bxe5 Rxe5 22. Ra3 $1 {Defending all threats on the 3rd rank.} (22.
Qd4 Qh4+ 23. Kg1 Rg5 24. f4 $2 Rxg2+ $1 25. Kxg2 Bh3+ $19) 22... Qh4+ 23. Kg1
Rg5 24. f4 exf3 25. Rfxf3 (25. Bxf3 Qxc4 26. Qd2 Re5 27. Rc1 Qh4 28. c6 $18
bxc6 29. dxc6 Bf5 30. c7 Rae8 $13) (25. Raxf3 Re8 26. Rxf7 $140 $2 Rxg2+ $1 27.
Kxg2 Bh3+) 25... Re8 (25... h5 $142) 26. Rfe3 Rxe3 27. Rxe3 h5 28. b5 Rg6 29.
Bf1 Qf4 (29... Qg5 30. Qd2) 30. Qf3 Qg5 31. c6 bxc6 32. bxc6 Rf6 33. Qg3 (33.
cxd7 Rxf3 34. Re8+ Kh7 35. d8=Q Rxf1+ 36. Kxf1 $18) 33... Qxg3 34. Rxg3 Bxc6
35. dxc6 Rxc6 36. Kf2 f6 37. Ke3 g5 38. Kd4 Re6 39. c5 Kf8 40. Rc3 1-0

[Event "EU-ch 12th"]
[Site "Aix les Bains"]
[Date "2011.03.30"]
[Round "8"]
[White "Nepomniachtchi, Ian"]
[Black "Fridman, Daniel"]
[Result "1-0"]
[WhiteElo "2729"]
[BlackElo "2661"]
[Annotator "Marchand,A/Primel,D"]
[PlyCount "167"]
[EventDate "2011.03.22"]
[EventType "swiss"]
[EventRounds "11"]
[EventCountry "FRA"]
[SourceTitle "CBM 142 Extra"]
[Source "ChessBase"]
[SourceDate "2011.06.27"]
[SourceVersion "1"]
[SourceVersionDate "2011.06.27"]
[SourceQuality "1"]
[TimeControl "40/5400+30:1800+30"]

1. e4 e5 2. Nf3 Nf6 3. Nxe5 d6 4. Nf3 (4. Nxf7 Kxf7 5. d4 c5 6. Bc4+ d5 (6...
Be6 7. Bxe6+ Kxe6 $13)) 4... Nxe4 5. d4 (5. Nc3) 5... d5 6. Bd3 Nc6 (6... Be7
7. O-O Nc6 8. Re1 Bg4 (8... Bf5 9. c4 Nb4 10. Bf1 O-O 11. a3 Nc6 12. Nc3 Nxc3
13. bxc3 dxc4 14. Bxc4 Bd6 (14... Bg4) (14... Qd7) 15. Bg5 $14 Qd7 16. Nh4 Na5
17. Ba2 b5 18. a4 a6 19. axb5 axb5 20. Nxf5 Qxf5 21. Be7 Rfb8 {Karpov,A (2720)
-Portisch,L (2630) Turin 1982 (6) 1-0} (21... Rfe8 22. Bxd6 $36) (21... Bxe7
22. Rxe7 c6))) (6... Bd6 7. O-O O-O 8. c4 c6 9. Nc3 Nxc3 10. bxc3 Bg4 (10...
dxc4) 11. cxd5 cxd5 12. Rb1 Nd7) 7. O-O Be7 (7... Bg4 8. c4 $1) 8. Nc3 Bf5 (
8... Nxc3) 9. Re1 (9. Qe1 {[%cal Ge1c3,Gc3e4]}) 9... Nxc3 10. bxc3 Bxd3 11.
Qxd3 O-O 12. Rb1 {[%csl Rb7]} (12. Bf4 Bd6 13. Ng5 g6 14. Qh3 h5 15. Qg3 (15.
Qf3 Qf6 16. Bxd6 Qxf3 17. gxf3 cxd6 18. Rab1 b6 19. Rb5 Rac8 20. Rxd5 Na5 21.
Rxd6 Rxc3 22. Rd7 Rxc2 23. d5 Rcc8 24. Ree7 Rce8 25. d6 Nc4 26. Ne6 Nxd6 27.
Nxf8 Rxe7 28. Rxe7 Kxf8 29. Rxa7 Kg7 {Guliyev,N (2516)-Fridman,D (2650)/Rijeka
2010/CBM 136/1-0 (34)}) 15... Qf6 16. Bxd6 cxd6 17. Nh3 Rae8 18. Qf4 Rxe1+ 19.
Rxe1 Kg7 20. Qg3 Qf5 21. Nf4 b5 22. h4 Rd8 23. Qg5 Qxg5 24. hxg5 b4 25. cxb4
Nxb4 26. c3 Nxa2 {Topalov,V (2801)-Bacrot,E (2717)/Morelia/Linares 2006/CBM
112/1/2-1/2 (54)}) 12... Rb8 (12... Na5 $5 {[%csl Gc4][%cal Ga5c4,Ga5b7,Gc7c5]}
13. Bf4 Bd6 14. Bxd6 {Sutovsky,E (2650)-Hera,I (2574) EU-ch 11th Rijeka 2010 
(5) 1-0}) (12... b6) 13. Bf4 Qd7 $146 ({RR} 13... a6 14. Re3 Bf6 15. Rbe1 b5
16. Qf5 Ne7 17. Qg4 Ng6 18. Bg3 Rb6 19. h4 Ne7 20. Be5 Nc8 21. Bxf6 Rxf6 22.
Ne5 Re6 23. h5 Rfe8 24. h6 Qf6 25. hxg7 Qxg7 26. Qh5 Nd6 27. Rg3 Rg6 28. Ree3 {
Pugachov,A (2462)-Fitel,V (2286)/Kurgan 2010/CBM 135 Extra/1-0 (31)}) 14. Re2
$1 {[%csl Rb8][%cal Gb1e1]} a6 (14... Rfe8) 15. Rbe1 $14 {[%csl Rb8]} Rbe8 (
15... Bf6) 16. Qe3 f6 {[%csl Re6] La position Noire, est passive mais trés
solide} 17. Qe6+ {[%cal Gf4c7] Un choix discutable car même si les Blancs
gagnent un P, les Noirs ont des compensations} Qxe6 18. Rxe6 Kf7 19. Bxc7 Ba3
$1 20. Rxe8 Rxe8 21. Rb1 (21. Rxe8 Kxe8 {Malgré le P perdu, les Noirs peuvent
probablement annuler la finale car la structure Blanche n'est pas trés bonne.}
) 21... b5 {[%csl Rc3]} 22. Kf1 g5 $44 23. Nd2 $1 Rc8 $1 24. Bb6 Rb8 25. Bc5
Bxc5 26. dxc5 $11 {[%csl Rc2,Rc3,Rc5]} Rc8 27. Nb3 Nd8 (27... Ne5 {[%cal Ge5c4]
}) 28. Rd1 Nb7 29. Rxd5 Ke6 30. Rd1 Nxc5 31. Nd4+ Kf7 32. Nf5 {[%csl Gf5][%cal
Gf5d6,Gd6c8,Gd6f7]} Ne4 33. Re1 {[%cal Ge1e7]} Rc5 (33... Nd2+ 34. Ke2 Nc4 $11)
34. Rxe4 (34. g4 Nxc3 35. Re7+ Kg8 {[%csl Rg8]}) 34... Rxf5 35. Ke2 h5 36. c4
b4 37. Kd3 $1 {[%csl Gc4,Ge4,Rf7][%cal Gc4c8] Le K noir est coupé et le P
passé "c" peut-être dangereux} g4 (37... Rxf2 $2 38. c5 $40) 38. c3 Rxf2 39. c5
$1 {[%csl Gc5,Rf7]} f5 40. Re5 g3 $1 {[%csl Rg2]} 41. h4 {[%csl Rh5]} Kf6 42.
c6 $3 Kxe5 43. c7 bxc3 $2 (43... Rf3+ $3 {[%cal Gf3c3,Gc3c7,Gg3g1]} 44. gxf3 g2
45. c8=Q g1=Q) 44. c8=Q c2 45. Qc5+ Kf6 46. Qf8+ Ke6 47. Qg8+ Kd7 48. Qg7+ Kc8
49. Qh6 (49. Qf8+ Kd7 50. Qf7+ Kd6 51. Qf6+ Kc5 52. Qc3+) 49... f4 50. Qxa6+
Kd7 51. Qb5+ Kd6 52. Qb4+ Kd7 53. Qd4+ Ke8 54. Qe5+ Kd7 55. Qd5+ Ke7 56. Qc5+
Kd7 57. Ke4 f3 58. gxf3 g2 59. Qxf2 (59. Qf5+) 59... c1=Q 60. Qxg2 Qc4+ 61. Kf5
Qf7+ 62. Ke5 Qe7+ 63. Kf4 Qxh4+ {Les Noirs ont maintenant des bonnes de nulle
car le K Blanc peut difficilement éviter les échecs perpétuels} 64. Kf5 Qd4 65.
Qh3 {[%cal Gh3d7,Gh3h5]} Ke7 66. Qxh5 Qd5+ 67. Kg6 Qg8+ (67... Qxa2) 68. Kh6
Qh8+ 69. Kg5 Qf6+ 70. Kg4 Qe6+ 71. Qf5 Qxa2 72. f4 Qa1 73. Kg5 Qg7+ 74. Qg6 Qa1
75. Qe4+ Kf8 76. Qf5+ Ke7 77. Kg6 Qa6+ 78. Kh7 Qe2 $4 $138 {Il restait moins
d'une minute pour les Noirs en phase KO} (78... Qb7 {[%cal Gb7h7,Ge7e8]}) 79.
Qg5+ Kf7 80. Qg7+ Ke8 81. Qg6+ Kf8 82. Qf6+ Ke8 83. Kg7 Qc4 84. Qf8+ 1-0

[Event "Nalchik FIDE GP"]
[Site "Nalchik"]
[Date "2009.04.26"]
[Round "10"]
[White "Leko, Peter"]
[Black "Gelfand, Boris"]
[Result "1-0"]
[WhiteElo "2751"]
[BlackElo "2733"]
[Annotator "Marin,M"]
[PlyCount "85"]
[EventDate "2009.04.15"]
[EventType "tourn"]
[EventRounds "13"]
[EventCountry "RUS"]
[EventCategory "19"]
[SourceTitle "CBM 130"]
[Source "ChessBase"]
[SourceDate "2009.05.20"]
[SourceVersion "1"]
[SourceVersionDate "2009.05.20"]
[SourceQuality "1"]

1. e4 e5 2. Nf3 Nf6 3. Nxe5 d6 4. Nf3 Nxe4 5. d4 d5 6. Bd3 Nc6 7. O-O Be7 8.
Re1 Bg4 9. c4 Nf6 10. Nc3 Bxf3 {In this game, Gelfand follows the approved
paths.} ({Later in the same tournament, he deviated with} 10... Nxd4 11. cxd5
Bxf3 (11... Nxf3+ 12. gxf3 Bh5 13. Bb5+ Kf8 14. Bf4 Bd6 15. Bg3 $14 {Nedev,T 
(2525)-Bakalarz,M (2330)/Dresden 2008/CBM 128 (0-1, 46)}) 12. gxf3 {This looks
like the critical continuation.} ({Gelfand faced} 12. Qa4+ c6 13. Qxd4 Bxd5 14.
Nxd5 Qxd5 15. Qb4 O-O 16. Bxh7+ Kxh7 17. Rxe7 Rfe8 18. Be3 Rxe7 19. Qxe7 Rd8
20. h3 Rd7 $11 {Akopian,V (2696)-Gelfand,B (2733)/Nalchik 2009/CBM 130 (1/2,
31)}) 12... c5 13. dxc6 {This move does not prepare problems for Black.} (13.
Bb5+ {looks stronger, but has never been tried before. Black has to give up
the right to castle, relying on the strength of his central knight.} Nxb5 $2
14. Nxb5 $16 {leaves Black with problems, because the threat d5-d6 is very
strong. For instance,} O-O $2 {simply loses a piece to} 15. d6 $18) 13... Nxc6
14. Bb5 O-O 15. Qxd8 Bxd8 16. Bxc6 (16. Be3 Ba5 17. Bxc6 bxc6 18. Rac1 Rfe8 19.
Re2 Bb6 {Radjabov,T (2744)-Gashimov,V (2717)/Sochi 2008/CBM 126 (1/2, 24)})
16... bxc6 17. Be3 Bb6 {Polgar,J (2671)-Karpov,A (2700)/Hoogeveen 1999/CBM 074
(1/2, 43). Both bishops are useful for keeping the pawn weaknesses together
and the position is about equal.}) 11. Qxf3 Nxd4 12. Qd1 Ne6 13. cxd5 Nxd5 14.
Bb5+ c6 15. Nxd5 cxb5 {This variation, which had been long considered to be
drawish, came into the limelight recently, after it led Kramnik to defeat
twice.} 16. Qb3 (16. Bf4 {Naiditsch,A (2624)-Kramnik,V (2788)/Dortmund 2008/
CBM 125/[Kritz] (1-0, 42)}) (16. Qh5 {Ivanchuk,V (2740)-Kramnik,V (2788)/
Dortmund 2008/CBM 125/[Kritz] (1-0, 49)}) 16... O-O 17. Be3 $146 {A logical
developing move, bringing new life into a variation that was considered to be
inoffensive.} ({A famous game continued with} 17. Nxe7+ Qxe7 18. Qxb5 {White
has retrieved the pawn, but after releasing the tension it will be virtually
impossible to prove the bishop's superiority over the knight. Black is too
well developed.} a6 19. Qb3 Rfd8 20. Be3 Rac8 21. Rac1 h6 22. h3 Nd4 {1/2
Kasparov,G (2700)-Karpov,A (2720)/Moscow 1985/MainBase}) 17... Bc5 {This
natural move will lead to the radical activation of White's forces, but it is
not easy to find a clear path to equality.} (17... Re8 18. Qxb5 (18. Rad1 Qa5)
18... Bc5 19. Rad1 $14) 18. Rad1 Bxe3 19. Rxe3 {Black's extra pawn does not
really count yet (not as a positive factor, at least, see the comment on
Black's 20th move). White is several tempi ahead with the mobilisation of
forces. His central knight paralyses Black, while the rook can create
dangerous threats along the 3rd rank.} Qa5 (19... a6 20. f4 $36) 20. Qc2 $1 {
A subtle move, creating the threat of mate.} Rfe8 (20... Rac8 $4 21. Ne7+ Kh8
22. Qxh7+ $1) ({In the absence of the b5-pawn, Black could play} 20... Rfd8 {
(?? in the current position), putting some pressure on the central knight,
with reasonable chances to hold the position. The way it is,} 21. Ra3 $1 $18 {
traps the queen. It is instructive to notice that in these two lines, the
members of the black Royal Family are trapped on the edge of the board with
the help of the same mechanism (white knight + rook and a black pawn). This
speaks volumes about the huge activity displayed by White's pieces as well as
Black' lack of coordination.}) 21. f4 $1 {With all his pieces on optimal
squares, White resorts to the help of this pawn to question the stability of
the only well placed black piece.} b4 22. f5 Nf8 23. Red3 $36 {White avoids
the exchange and creates such strong threats as Nc7 or f6.} Nd7 {This move
looks logical, because it prepares the recycling of the knight, but Black is
not sufficiently well developed and White will win almost by force.} 24. Qc7 $1
(24. Nc7 Nc5 $1 (24... b3 $2 25. Qc3 $1 $16)) 24... Qc5+ 25. Kf1 {White's
almost complete domination allows him to utilise the king for the purpose of
protecting the back rank.} (25. Kh1 Qf2 $1) 25... Qb5 {[%cal Gb5f1]} 26. Qg3 $1
{By switching the queen to the kingside, White renews the threats Nc7 and f6.}
Ne5 $6 (26... Rac8 {may have been the lesser evil, but after} 27. f6 g6 28.
Ne7+ (28. Nc7 $2 Rxc7 $1 29. Qxc7 Nc5) 28... Rxe7 29. fxe7 Ne5 30. Kf2 Nxd3+
31. Qxd3 $14 {Black's position remains unpleasant because of the strong
e7-pawn.}) (26... Rad8 $6 27. f6 g6 28. Nc7 Qf5+ 29. Qf3 $18) 27. f6 g6 28. Qg5
Kh8 29. Qh6 Rg8 30. Nc7 Qc4 {For the second time in this game, Black faces the
threat of Qxh7!+. Therefore, he has to keep the d3-rook pinned, or the
h3-square under control.} (30... Qc6 $2 31. Qxh7+ $1) 31. b3 Qg4 32. Rd4 Qf5+
33. Rf4 Ng4 (33... Qc2 $2 34. Qxh7+ $1) (33... Qh5 34. Qxh5 gxh5 35. Nxa8 $18)
34. Qg7+ $1 {White simplifies to a won ending with an extra knight.} Rxg7 35.
fxg7+ Kxg7 36. Rxf5 gxf5 37. Nxa8 Ne3+ 38. Ke2 Nxd1 39. Kxd1 $18 Kf6 40. Kd2
Ke5 41. Nc7 f4 42. Kd3 a6 43. Na8 1-0

[Event "Tata Steel-A 73rd"]
[Site "Wijk aan Zee"]
[Date "2011.01.28"]
[Round "11"]
[White "Shirov, Alexei"]
[Black "Giri, Anish"]
[Result "1/2-1/2"]
[WhiteElo "2722"]
[BlackElo "2686"]
[Annotator "Marin,M"]
[PlyCount "60"]
[EventDate "2011.01.14"]
[EventType "tourn"]
[EventRounds "13"]
[EventCountry "NED"]
[EventCategory "20"]
[SourceTitle "CBM 141"]
[Source "ChessBase"]
[SourceDate "2011.03.17"]
[SourceVersion "1"]
[SourceVersionDate "2011.03.17"]
[SourceQuality "1"]

1. e4 e5 2. Nf3 Nf6 3. Nxe5 d6 4. Nf3 Nxe4 5. Nc3 Nxc3 6. dxc3 Be7 7. Be3 Nc6
8. Qd2 Be6 9. O-O-O Qd7 10. h4 h6 11. Bb5 a6 12. Ba4 b5 13. Bb3 Bf6 14. Qe2
$146 (14. Bd5 {Zawadzka,J (2389)-Socko,M (2473)/Karpacz 2008/CBM 126 Extra (1/
2, 76)}) 14... O-O-O 15. c4 {This seemingly active continuation will result
into the loss of a pawn, without really questioning the enemy king's safety.}
Na5 16. c5 Nxb3+ 17. axb3 Qc6 18. cxd6 Bxb3 19. Nd4 Bxd4 20. Rxd4 Rxd6 21. Rxd6
cxd6 22. Rd1 {The presence of opposite coloured bishops and Black's imperfect
structure make a draw the most probable result.} Be6 23. Qd3 Rd8 24. f3 Rd7 25.
Bf4 Kb7 26. Bxd6 g6 27. Qe4 Bf5 28. Qxc6+ Kxc6 29. Bf4 Rxd1+ 30. Kxd1 h5
1/2-1/2